Con la vida hicieron fuego (Record no. 55911)

MARC details
000 -LEADER
campo de control de longitud fija 00741nam a2200217 i 4500
001 - NÚMERO DE CONTROL
campo de control 55911
003 - IDENTIFICADOR DE NÚMERO DE CONTROL
campo de control ES-MaACL
005 - FECHA Y HORA DE LA ÚLTIMA TRANSACCIÓN
campo de control 20250827063207.0
007 - CAMPO FIJO DE DESCRIPCIÓN FÍSICA--INFORMACIÓN GENERAL
campo de control de longitud fija t|
008 - DATOS DE LONGITUD FIJA--INFORMACIÓN GENERAL
campo de control de longitud fija 030930s1953 sp ||||1| spa d
080 ## - NÚMERO DE LA CLASIFICACIÓN DECIMAL UNIVERSAL
Número de la Clasificación Decimal Universal 821.134.2-31"19"
100 1# - ENTRADA PRINCIPAL--NOMBRE DE PERSONA
Nombre de persona Casariego, J. E.,
Fechas asociadas al nombre 1913-1990
9 (RLIN) 36176
245 10 - MENCIÓN DEL TÍTULO
Título Con la vida hicieron fuego
Resto del título : novela realista de nuestro tiempo /
Mención de responsabilidad, etc. J.E. Casariego.
260 ## - PUBLICACIÓN, DISTRIBUCIÓN, ETC.
Lugar de publicación, distribución, etc. Madrid :
Nombre del editor, distribuidor, etc. Unión Distribuidora Ediciones,
Fecha de publicación, distribución, etc. [1953] (
Fabricante Marsiega)
300 ## - DESCRIPCIÓN FÍSICA
Extensión 645 p., 1 map. pleg. ;
Dimensiones 19 cm.
490 1# - MENCIÓN DE SERIE
Mención de serie Navío y Corcel
651 #4 - PUNTO DE ACCESO ADICIONAL DE MATERIA--NOMBRE GEOGRÁFICO
Nombre geográfico España-
Subdivisión general Historia-
Subdivisión cronológica 1936-1939, Guerra civil-
Subdivisión de forma Novelas.
9 (RLIN) 8310
830 0# - PUNTO DE ACCESO ADICIONAL DE SERIE-TÍTULO UNIFORME
Título uniforme Navío y Corcel
9 (RLIN) 230359
852 ## - LOCALIZACIÓN
Ubicación ES-MaACL
Número de control de estantería D-9254
Sublocalización o colección R.34493
Holdings
Estatus retirado Estado de pérdida Estado de daño No para préstamo Biblioteca de origen Biblioteca actual Ubicación en estantería Fecha de adquisición Fuente de adquisición Total de préstamos Signatura topográfica completa Código de barras Visto por última vez Precio de reemplazo Tipo de ítem Koha
        Biblioteca del Ateneo de Madrid Biblioteca del Ateneo de Madrid Sala Valle Inclán 17/01/2008     D-9254 901058732 23/02/2023 23/02/2023 Libro impreso